Quiz Télévision française - Statistiques

Statistiques générales
  • Ce quiz a été pris 151 fois
  • Le résultat moyen est 9 sur 15
Statistiques - réponses
Question Réponse % Correct
En quelle année, Loft Story, la première télé-réalité française, a-t-elle été lancée ? 2001
81%
Quel était l’ancien nom de la chaîne TFX sur la TNT française ? NT1
81%
Quelle présentatrice a remplacé Sophie Davant dans l’émission “Affaire conclue” en 2023 ? Julia Vignali
77%
Qui, Michaël Youn tentait-il de réveiller, dans l’émission Morning live à l’aide d’un mégaphone ? Tes voisins
77%
Dans le jeu télé "A prendre ou à laisser", comment Arthur appellait-t-il le banquier ? Le chacal
71%
Qui co-présentait “Coucou c’est nous !” aux côtés de Christophe Dechavanne entre 1992 à 1994 ? Patrice Carmouze
71%
Quelle est l’émission la plus ancienne de la télévision française et toujours diffusée ? Le jour du Seigneur
65%
Quelle émission télé estivale a été présentée par Thierry Beccaro de 1995 à 1997 ? 40° à l'ombre
61%
Dans quelle émission a-t-on pu voir en 2023, le politique Jean Lassalle, la chanteuse Natasha St-Pier et la championne olympique Laura Flessel ? Les Trâitres
61%
Qui était le présentateur de l’émission La classe, sur FR3 puis France 3 de 1987 à 1994 ? Fabrice
58%
Qui a remporté la seconde saison de l’émission Top Chef en France avant de revenir en tant que membre du jury pour la saison 15 (2024) ? Stéphanie le Quellec
58%
Quelle est l’année de création de la chaîne de télé M6 ? 1987
45%
En quelle année a-t-on pu voir pour la dernière fois une speakerine à la télévision française ? 1993
45%
Quel était le titre original de l’émission de Canal+ connue aujourd’hui comme “Les Guignols” ? Les Arènes de l'Info
45%
Quelle émission Maritie et Gilbert Carpentier ont-ils créé en 1961 ? La Grande Farandole
19%
Aucun quiz correspondant
Distribution des résultats
% des personnes avec chaque résultat
Percentile par nombre de réponses
Votre historique - résultats
Vous n’avez pas pris ce quiz